00870nam a2200277Ia 4500001000900000003000500009005001700014008004100031010001100072040000900083082001700092100001600109245009800125250001100223260006200234300001600296440003700312500007900349503000700428504003100435650003300466650002800499650001900527650002000546700002600566dia_6245CHAP20251021145720.0220117s1963 xx 000 0 und d a176124 cCHAP a519 F57 1963 aFisz, Marek aProbability theory and mathematical statistics /c Marek Fisz ; traducción R. Bartoszynski a3a ed. aEstados Unidos de América :b John Wiley & Sons,c1963 axvi, 677 p. aWiley publications in statistics aTítulo original: Rachunek prawdopodobien´stwa i statystyka matematyczna aD. aBibliografía: p. 621-655 aEstadística matemática  aMathematical statistics aProbabilidad  aProbabilities  aBartoszynski, R., tr.